Estatísticas para Estádios e Times Brasileiros

Clique aqui para jogar o quiz

Estatísticas Gerais

  • Esse quiz foi jogado 723 vezes
  • A pontuação média é 25 de 40

Estatísticas das Respostas

HintResposta% Correto
Allianz ParquePalmeiras
97%
Beira-RioInternacional
96%
Vila BelmiroSantos
95%
MorumbiSão Paulo
95%
Arena do G_____oGrêmio
94%
Ilha do RetiroSport
94%
São JanuárioVasco da Gama
94%
Arena CondáChapecoense
88%
Couto PereiraCoritiba
88%
ArrudaSanta Cruz
87%
Arena da BaixadaAtlético Paranaense
85%
Moisés LucarelliPonte Preta
85%
Arena C_______sCorinthians
84%
RessacadaAvaí
82%
CanindéPortuguesa
82%
IndependênciaAmérica Mineiro
81%
Nabi Abi ChedidBragantino
81%
Brinco de OuroGuarani
81%
Alfredo JaconiJuventude
80%
BarradãoVitória
80%
Orlando ScarpelliFigueirense
75%
Heriberto HülseCriciúma
71%
Arena J______eJoinville
62%
Bento FreitasBrasil de Pelotas
55%
FrasqueirãoABC
51%
Durval de BrittoParaná
48%
Rua JavariJuventus
46%
Moça BonitaBangu
45%
Raulino de OliveiraVolta Redonda
44%
Boca do JacaréBrasiliense
43%
CentenárioCaxias
37%
Santa CruzBotafogo-SP
31%
BezerrãoGama
29%
Giulite CoutinhoAmérica Carioca
28%
Conselheiro GalvãoMadureira
24%
Rua BaririOlaria
19%
Estádio do ValeNovo Hamburgo
18%
Jayme CintraPaulista de Jundiaí
16%
Palma TravassosComercial
14%
Engenheiro AraripeDesportiva
9%

Distribuição das Pontuações

Percentil de Números Respondidos

Porcentagem de Pessoas com Cada Pontuação

Sua Pontuação Histórica

Você não jogou esse quiz